Estadísticas para Países sin Litoral Prueba

Haz click aquí para tomar la prueba!

Estadísticas generales

  • Esta prueba ha sido tomada 15.385 veces
  • La puntuación promedio es 34 de 45

Estadísticas de respuestas

SuperficiePaís% Correcto
1.098.581Bolivia
94%
1.564.100Mongolia
92%
406.752Paraguay
90%
0,44Ciudad del Vaticano
87%
41.284Suiza
87%
83.871Austria
87%
2.724.900Kazajistán
86%
468Andorra
85%
1.284.000Chad
85%
78.867República Checa
83%
147.181Nepal
83%
2.586Luxemburgo
82%
49.035Eslovaquia
82%
1.267.000Níger
81%
93.028Hungría
80%
61San Marino
79%
160Liechtenstein
79%
447.400Uzbekistán
77%
622.984República
Centroafricana
77%
30.355Lesoto
75%
88.361Serbia
75%
1.240.192Malí
75%
38.394Bután
74%
619.745Sudán del Sur
74%
207.600Bielorrusia
74%
143.100Tayikistán
73%
199.951Kirguistán
73%
488.100Turkmenistán
73%
647.500Afganistán
72%
26.338Ruanda
71%
10.908Kosovo
70%
241.038Uganda
70%
25.713Macedonia del Norte
69%
582.000Botsuana
67%
17.364Suazilandia
66%
752.612Zambia
66%
27.834Burundi
65%
33.846Moldavia
65%
274.222Burkina Faso
63%
390.757Zimbabue
63%
29.743Armenia
62%
1.104.300Etiopía
61%
118.484Malaui
60%
236.800Laos
60%
86.600Azerbaiyán
54%

Distribución de puntuación

Porcentaje por número respondido

Porcentaje de gente con cada puntuación

Historial de tus puntuaciones

No has tomado esta prueba